Library of the University of Algiers 3
Ibrahim Sultan Cheibout
شعار جامعة الجزائر 3
مكتبة جامعة الجزائر 3
إبراهيم سلطان شيبوط

الشركات متعددة الجنسيات وحكم العالم : (رقم التسجيلة. 45032)

تفاصيل مارك
000 -LEADER
fixed length control field 01561nam a2200229Ia 4500
003 - CONTROL NUMBER IDENTIFIER
control field Ost
005 - DATE AND TIME OF LATEST TRANSACTION
control field 20260507075604.0
008 - FIXED-LENGTH DATA ELEMENTS--GENERAL INFORMATION
fixed length control field 260507s9999||||xx |||||||||||||| ||und||
020 ## - INTERNATIONAL STANDARD BOOK NUMBER
International Standard Book Number 9772323354
040 ## - CATALOGING SOURCE
Transcribing agency fsecg
041 ## - LANGUAGE CODE
Language code of text/sound track or separate title ara
082 ## - DEWEY DECIMAL CLASSIFICATION NUMBER
Classification number 338.88
100 ## - MAIN ENTRY--PERSONAL NAME
Personal name السيسي، صلاح الدين حسن
Relator term مؤلف
245 #0 - TITLE STATEMENT
Title الشركات متعددة الجنسيات وحكم العالم :
Remainder of title تطوير وربط البورصات العربيةوتأسيس البورصة العربية الموحدة /
Statement of responsibility, etc. صلاح الدين حسن السيسي
260 ## - PUBLICATION, DISTRIBUTION, ETC.
Place of publication, distribution, etc. القاهرة:
Name of publisher, distributor, etc. عالم الكتب,
Date of publication, distribution, etc. 2003
300 ## - PHYSICAL DESCRIPTION
Extent 118 صفحة؛
Dimensions 24 سم
490 ## - SERIES STATEMENT
Series statement دراسات نظرية وتطبيقية
520 ## - SUMMARY, ETC.
Summary, etc. 1-اهم السمات،والقطاعات-اقتصاد السوق،والعدالة الاجتماعية-التحديات سبل المواجهة-تعاظم الدور الاقتصادي عالميا-الشركات متعددة الجنسيات،وحكم العالم- الشركات متعددة الجنسيات،والوطن العربي-2-واقع البورصات العربية،والبورصة العربية الموحدة-تطور مناخ الاستثمار في الوطن العربي الاستثمار الأجنبي المباشر في الدول النامية-واقع الاسواق المالي العربية-عقبات تطوير وربط الأسواق المالية العربية -صناع السوق.
653 ## - INDEX TERM--UNCONTROLLED
Uncontrolled term البورصات
653 ## - INDEX TERM--UNCONTROLLED
Uncontrolled term الشركات الدولية
942 ## - ADDED ENTRY ELEMENTS (KOHA)
Koha item type كتب
المقتنيات
Withdrawn status Lost status Source of classification or shelving scheme Damaged status Not for loan Home library Current library Date acquired Serial enumeration / chronology Inventory number Total checkouts Full call number Barcode Date last seen Price effective from Koha item type
    Dewey Decimal Classification   NOT LOAN / إعارة داخلية مكتبة كلية العلوم الإقتصادية والعلوم التجارية وعلوم التسيير مكتبة كلية العلوم الإقتصادية والعلوم التجارية وعلوم التسيير 07/05/2026 الطابق الأرضي 1455/1   أ/1455ن1 1455/1 07/05/2026 07/05/2026 كتب
    Dewey Decimal Classification   Available مكتبة كلية العلوم الإقتصادية والعلوم التجارية وعلوم التسيير مكتبة كلية العلوم الإقتصادية والعلوم التجارية وعلوم التسيير 07/05/2026 الطابق الثاني 1455/2   أ/1455ن2 1455/2 07/05/2026 07/05/2026 كتب

موارد الويب المفتوحة


© University of Algiers 3 All Rights Reserved
|
Implemented by LECHELAH Riad